[Event "Bucharest Grand Prix op"]
[Site "Bucharest"]
[Date "2024.03.23"]
[Round "1"]
[White "Istratescu, Andrei"]
[Black "Marius, Andra Beatrice"]
[Result "1-0"]
[WhiteElo "2374"]
[BlackElo "1660"]
[PlyCount "45"]
[EventDate "2024.03.23"]
[EventType "swiss (rapid)"]
[EventRounds "10"]
[EventCountry "ROU"]
[SourceTitle "CB13_2024"]
[SourceDate "2024.03.27"]
[SourceVersion "1"]
[SourceVersionDate "2024.03.27"]
[SourceQuality "1"]

1. e4 e6 2. d4 d5 3. Nd2 Nf6 4. e5 Nfd7 5. f4 c5 6. c3 Nc6 7. Ndf3 a6 8. Be3 b5 9. Bd3 Qb6 10. Ne2 b4 11. 0-0 Be7 12. Kh1 a5 13. c4 cxd4 14. Nexd4 Bc5 15. Be2 Ba6 16. Rc1 Rd8 17. cxd5 Bxe2 18. Nxe2 Bxe3 19. Rxc6 Qb7 20. Qd3 exd5 21. Rd6 Bb6 22. e6 Nc5 23. Qb5+ 1-0

[Event "Bucharest Grand Prix op"]
[Site "Bucharest"]
[Date "2024.03.23"]
[Round "2"]
[White "Nedelcu, Ionut"]
[Black "Istratescu, Andrei"]
[Result "0-1"]
[WhiteElo "1932"]
[BlackElo "2374"]
[PlyCount "92"]
[EventDate "2024.03.23"]
[EventType "swiss (rapid)"]
[EventRounds "10"]
[EventCountry "ROU"]
[SourceTitle "CB13_2024"]
[SourceDate "2024.03.27"]
[SourceVersion "1"]
[SourceVersionDate "2024.03.27"]
[SourceQuality "1"]

1. d4 g6 2. Nf3 Bg7 3. g3 c5 4. Bg2 cxd4 5. Nxd4 Nc6 6. Nxc6 bxc6 7. c4 Qa5+ 8. Nd2 Rb8 9. Qc2 Nf6 10. 0-0 0-0 11. Nb3 Qa4 12. Nd4 Qxc2 13. Nxc2 c5 14. Rb1 d6 15. e4 Be6 16. Ne3 Ng4 17. Nxg4 Bxg4 18. Re1 Bd4 19. b3 e5 20. Be3 Rfe8 21. f3 Bd7 22. Kf2 a5 23. Bxd4 exd4 24. a3 Be6 25. Bf1 Rb6 26. Bd3 Reb8 27. Bc2 a4 28. Ke2 axb3 29. Bd3 Ra8 30. Rb2 Rxa3 31. Reb1 Rb4 32. Kd2 Bxc4 33. Bxc4 Rxc4 34. Rxb3 Rxb3 35. Rxb3 Rc3 36. Rb6 Rxf3 37. Rxd6 Rf2+ 38. Kd3 Rxh2 39. Kc4 Rg2 40. Kxc5 Rxg3 41. Rxd4 h5 42. e5 Ra3 43. Kd6 Ra6+ 44. Kd7 Re6 45. Re4 g5 46. Re1 Kg7 0-1

[Event "Sebes GP op"]
[Site "Sebes"]
[Date "2023.11.05"]
[Round "9"]
[White "Calin, Alexandru"]
[Black "Istratescu, Andrei"]
[Result "0-1"]
[WhiteElo "2164"]
[BlackElo "2370"]
[PlyCount "72"]
[EventDate "2023.11.04"]
[EventType "swiss"]
[EventRounds "10"]
[EventCountry "ROU"]
[SourceTitle "CB46_2023"]
[SourceDate "2023.11.15"]
[SourceVersion "1"]
[SourceVersionDate "2023.11.15"]
[SourceQuality "1"]

1. d4 Nf6 2. Bg5 c5 3. d5 Ne4 4. Bf4 Qb6 5. Qc1 c4 6. e3 Qa5+ 7. Nd2 c3 8. bxc3 Nxc3 9. Nb3 Qxd5 10. Qb2 Na4 11. Qa3 Nb6 12. Rd1 e6 13. Qb2 Na4 14. Qd4 Qxd4 15. exd4 Nc3 16. Ra1 Nc6 17. Bd2 Ne4 18. c4 Nxd2 19. Kxd2 b6 20. Nf3 Bb7 21. Be2 Bb4+ 22. Ke3 Na5 23. Nxa5 Bxa5 24. Rhc1 Ke7 25. Rab1 Rhc8 26. g3 Rc7 27. Rc2 Rac8 28. a3 d5 29. c5 bxc5 30. dxc5 Bb6 31. cxb6 Rxc2 32. bxa7 Ba8 33. Rb8 Rd8 34. Nd4 Rc3+ 35. Kd2 Rxa3 36. Nb5 Rxa7 0-1

[Event "Sebes GP op"]
[Site "Sebes"]
[Date "2023.11.05"]
[Round "10"]
[White "Istratescu, Andrei"]
[Black "Cruz de la Osa, Reider"]
[Result "1-0"]
[WhiteElo "2370"]
[BlackElo "2233"]
[PlyCount "73"]
[EventDate "2023.11.04"]
[EventType "swiss"]
[EventRounds "10"]
[EventCountry "ROU"]
[SourceTitle "CB46_2023"]
[SourceDate "2023.11.15"]
[SourceVersion "1"]
[SourceVersionDate "2023.11.15"]
[SourceQuality "1"]

1. e4 d6 2. d4 Nf6 3. f3 e5 4. Ne2 Nc6 5. d5 Ne7 6. c4 g6 7. Nbc3 Bg7 8. Be3 h5 9. Qd2 0-0 10. h3 c6 11. 0-0-0 cxd5 12. cxd5 Bd7 13. Kb1 b5 14. Rc1 Nc8 15. g4 Nb6 16. b3 a5 17. Ng3 h4 18. Nge2 a4 19. Rc2 axb3 20. axb3 Ra3 21. Nc1 Qa8 22. Ra2 Rb8 23. Rh2 b4 24. Rxa3 bxa3 25. Ka2 Na4 26. Nxa4 Bxa4 27. Bc4 Nd7 28. Qd3 Nc5 29. Bxc5 dxc5 30. bxa4 Qxa4 31. d6 Bh6 32. Nb3 Rb4 33. d7 Rxc4 34. d8Q+ Kh7 35. Q8d7 Qb4 36. Qxf7+ Bg7 37. Qdxc4 1-0

[Event "Satu Mare Szabo Memorial GM"]
[Site "Satu Mare"]
[Date "2023.08.15"]
[Round "3"]
[White "Grigore, George Gabriel"]
[Black "Istratescu, Andrei"]
[Result "1/2-1/2"]
[WhiteElo "2461"]
[BlackElo "2361"]
[PlyCount "20"]
[EventDate "2023.08.14"]
[EventType "tourn"]
[EventRounds "9"]
[EventCountry "ROU"]
[EventCategory "6"]
[SourceTitle "CBM 215 Extra"]
[Source "ChessBase"]
[SourceDate "2023.09.30"]
[SourceVersion "1"]
[SourceVersionDate "2023.09.30"]
[SourceQuality "1"]

1. d4 d5 2. c4 e6 3. Nc3 Nf6 4. cxd5 exd5 5. Bg5 c6 6. e3 Be7 7. Qc2 0-0 8. Bd3 Nbd7 9. Nf3 Re8 10. 0-0 Nf8 1/2-1/2

[Event "Timisoara Foisor Memorial Rapid"]
[Site "Timisoara"]
[Date "2023.08.06"]
[Round "10"]
[White "Istratescu, Andrei"]
[Black "Al Hosani, Omran"]
[Result "1-0"]
[WhiteElo "2361"]
[BlackElo "2225"]
[PlyCount "95"]
[EventDate "2023.08.05"]
[EventType "swiss (rapid)"]
[EventRounds "10"]
[EventCountry "ROU"]
[SourceTitle "CBM 215 Extra"]
[Source "ChessBase"]
[SourceDate "2023.09.30"]
[SourceVersion "1"]
[SourceVersionDate "2023.09.30"]
[SourceQuality "1"]

1. e4 c5 2. Nf3 e6 3. d4 cxd4 4. Nxd4 Nf6 5. Nc3 Nc6 6. Ndb5 Bc5 7. Bf4 0-0 8. Bc7 Qe7 9. Bd6 Bxd6 10. Qxd6 Qd8 11. Qd2 d5 12. exd5 exd5 13. 0-0-0 Be6 14. f3 Rc8 15. Kb1 Qa5 16. Nd4 Nxd4 17. Qxd4 a6 18. Bd3 Rc6 19. Ne2 Rfc8 20. Nc1 Qc7 21. Qf2 a5 22. Nb3 a4 23. Nd4 Rb6 24. Nb5 Qd8 25. a3 Bd7 26. Nd4 Qf8 27. Ka2 Qc5 28. Rd2 Ne8 29. c3 Nd6 30. Re1 g6 31. g4 Bb5 32. Nxb5 Qxf2 33. Rxf2 Nxb5 34. Re5 Nc7 35. Bc2 Ra6 36. f4 Re8 37. Rxe8+ Nxe8 38. f5 Nf6 39. Rf4 g5 40. Rb4 b5 41. h3 Rd6 42. Rxb5 d4 43. cxd4 Rxd4 44. Rb4 Rd2 45. Bxa4 h5 46. gxh5 Nxh5 47. Rg4 f6 48. h4 1-0

[Event "Timisoara Foisor Memorial Rapid"]
[Site "Timisoara"]
[Date "2023.08.06"]
[Round "9"]
[White "Krstulovic, Alex"]
[Black "Istratescu, Andrei"]
[Result "1-0"]
[WhiteElo "2447"]
[BlackElo "2361"]
[PlyCount "35"]
[EventDate "2023.08.05"]
[EventType "swiss (rapid)"]
[EventRounds "10"]
[EventCountry "ROU"]
[SourceTitle "CBM 215 Extra"]
[Source "ChessBase"]
[SourceDate "2023.09.30"]
[SourceVersion "1"]
[SourceVersionDate "2023.09.30"]
[SourceQuality "1"]

1. d4 Nf6 2. Nf3 g6 3. c4 Bg7 4. Nc3 d5 5. h4 c6 6. cxd5 cxd5 7. Bf4 Nc6 8. e3 0-0 9. Qb3 Qa5 10. Bd3 Qb4 11. Qc2 Qa5 12. Qb3 Qb4 13. Qc2 Qa5 14. Qd2 Bf5 15. Bxf5 gxf5 16. Ne5 Rac8 17. h5 Ne4 18. Nxc6 1-0

[Event "ROM GP Final Gp-A"]
[Site "Alba Iulia"]
[Date "2022.12.05"]
[Round "4"]
[White "Ciolacu, Alessia Mihaela"]
[Black "Istratescu, Andrei"]
[Result "0-1"]
[WhiteElo "2231"]
[BlackElo "2389"]
[PlyCount "66"]
[EventDate "2022.12.05"]
[EventType "tourn (rapid)"]
[EventRounds "6"]
[EventCountry "ROU"]
[EventCategory "5"]
[SourceTitle "CBM 211 Extra"]
[Source "ChessBase"]
[SourceDate "2023.01.31"]
[SourceVersion "1"]
[SourceVersionDate "2023.01.31"]
[SourceQuality "1"]

1. d4 d6 2. Nf3 Bg4 3. c4 g6 4. Nc3 Bxf3 5. exf3 Bg7 6. d5 Nf6 7. Be3 0-0 8. Be2 c6 9. Qd2 Nbd7 10. 0-0 Qc7 11. Rac1 a5 12. Rfe1 Nc5 13. Bh6 Bxh6 14. Qxh6 e5 15. dxe6 fxe6 16. f4 Qg7 17. Qh3 Rfe8 18. a3 a4 19. Rcd1 d5 20. Qe3 Nfe4 21. Nxe4 Nxe4 22. Bg4 Kh8 23. Qb6 Nd6 24. cxd5 exd5 25. b3 Qc3 26. Rxe8+ Rxe8 27. h4 axb3 28. Qc7 Qf6 29. h5 gxh5 30. Bxh5 Re7 31. Qd8+ Kg7 32. Rd3 Re1+ 33. Kh2 Qxd8 0-1

[Event "ROM GP Final Gp-A"]
[Site "Alba Iulia"]
[Date "2022.12.05"]
[Round "2"]
[White "Gavrilescu, David"]
[Black "Istratescu, Andrei"]
[Result "1-0"]
[WhiteElo "2522"]
[BlackElo "2389"]
[PlyCount "61"]
[EventDate "2022.12.05"]
[EventType "tourn (rapid)"]
[EventRounds "6"]
[EventCountry "ROU"]
[EventCategory "5"]
[SourceTitle "CBM 211 Extra"]
[Source "ChessBase"]
[SourceDate "2023.01.31"]
[SourceVersion "1"]
[SourceVersionDate "2023.01.31"]
[SourceQuality "1"]

1. e4 c5 2. Nf3 e6 3. d4 cxd4 4. Nxd4 Nc6 5. Nc3 a6 6. a3 Qc7 7. Be3 b5 8. Nxc6 Qxc6 9. Bd3 Bb7 10. Qd2 Bc5 11. Bxc5 Qxc5 12. 0-0-0 Ne7 13. Bxb5 Bc6 14. Bxc6 Qxc6 15. Qd6 Qxd6 16. Rxd6 Nc6 17. Rhd1 Ra7 18. Na4 Ke7 19. f4 Rc8 20. Nb6 Rd8 21. R1d3 Nb8 22. e5 f6 23. f5 exf5 24. exf6+ gxf6 25. R6d5 Nc6 26. Nc4 Rg8 27. g3 Rg5 28. Nb6 Kf7 29. Rxd7+ Rxd7 30. Rxd7+ Kg6 31. Nd5 1-0

[Event "ROM GP Final Gp-A"]
[Site "Alba Iulia"]
[Date "2022.12.05"]
[Round "6"]
[White "Istratescu, Andrei"]
[Black "Gavrilescu, David"]
[Result "0-1"]
[WhiteElo "2389"]
[BlackElo "2522"]
[PlyCount "120"]
[EventDate "2022.12.05"]
[EventType "tourn (rapid)"]
[EventRounds "6"]
[EventCountry "ROU"]
[EventCategory "5"]
[SourceTitle "CBM 211 Extra"]
[Source "ChessBase"]
[SourceDate "2023.01.31"]
[SourceVersion "1"]
[SourceVersionDate "2023.01.31"]
[SourceQuality "1"]

1. d4 d5 2. c4 e6 3. Nc3 Nf6 4. cxd5 exd5 5. Bg5 Bb4 6. Rc1 h6 7. Bxf6 Qxf6 8. a3 Bxc3+ 9. Rxc3 0-0 10. e3 c6 11. Nf3 Bg4 12. Be2 Nd7 13. 0-0 Rfe8 14. h3 Bf5 15. Nd2 Re7 16. Bg4 Rae8 17. Bxf5 Qxf5 18. b4 Re6 19. Qb1 Qh5 20. b5 Rg6 21. bxc6 bxc6 22. Kh2 Nf6 23. Qd1 Qg5 24. g3 Ne4 25. Nxe4 Rxe4 26. Qf3 Rf6 27. Qe2 h5 28. Rfc1 Qf5 29. Kg2 Ree6 30. R1c2 Qe4+ 31. f3 Qf5 32. Rb2 Rg6 33. h4 Qf6 34. Kf2 Qe7 35. f4 Rg4 36. Rb1 Reg6 37. Qf3 Rxg3 38. Qxg3 Rxg3 39. Kxg3 Qe6 40. Rh1 Kh7 41. Kf2 Qf6 42. a4 g6 43. a5 Qd8 44. Rxc6 Qxa5 45. Rhc1 Qd2+ 46. Kf3 Qd3 47. Rc7 Qf5 48. Rxa7 Qg4+ 49. Kf2 Qxh4+ 50. Ke2 Qg4+ 51. Kd3 Qf5+ 52. Ke2 h4 53. Rcc7 Qg4+ 54. Kd2 Qg2+ 55. Kd3 Qe4+ 56. Ke2 Kh6 57. Rxf7 Kh5 58. Rh7+ Kg4 59. Rh6 Qc2+ 60. Ke1 Kf3 0-1

[Event "Braila GP RO Stage 5"]
[Site "Braila"]
[Date "2022.11.06"]
[Round "5"]
[White "Baltag, Iulian"]
[Black "Istratescu, Andrei"]
[Result "1-0"]
[WhiteElo "2435"]
[BlackElo "2389"]
[PlyCount "81"]
[EventDate "2022.11.05"]
[EventType "swiss (rapid)"]
[EventRounds "10"]
[EventCountry "ROU"]
[SourceTitle "EXT 2024"]
[Source "ChessBase"]
[SourceDate "2023.10.10"]
[SourceVersion "1"]
[SourceVersionDate "2023.10.10"]
[SourceQuality "1"]

1. e4 e6 2. d4 d5 3. e5 c5 4. c3 Nc6 5. Nf3 Bd7 6. Be2 Nge7 7. Na3 cxd4 8. cxd4 Nf5 9. Nc2 Nh4 10. Nxh4 Qxh4 11. 0-0 Qd8 12. Rb1 Be7 13. b4 f5 14. exf6 Bxf6 15. b5 Ne7 16. Bd3 0-0 17. Bd2 Be8 18. Qg4 Qd7 19. Rfe1 Bf7 20. Qh3 g6 21. Ne3 Nf5 22. Ng4 Bg7 23. Ne5 Bxe5 24. dxe5 Rfc8 25. Qg4 a6 26. bxa6 bxa6 27. h4 Ng7 28. Rb6 Be8 29. h5 gxh5 30. Qg5 Rc6 31. Reb1 Rac8 32. Rxa6 Bg6 33. Rxc6 Qxc6 34. Bxg6 hxg6 35. Rc1 Qe8 36. Rxc8 Qxc8 37. Qxg6 Kh8 38. Bg5 Qe8 39. Qxe8+ Nxe8 40. Bd8 Kg8 41. a4 1-0

[Event "Braila GP RO Stage 5"]
[Site "Braila"]
[Date "2022.11.06"]
[Round "8"]
[White "Istratescu, Andrei"]
[Black "Dobre, Claudiu Cristian"]
[Result "1-0"]
[WhiteElo "2389"]
[BlackElo "2271"]
[PlyCount "70"]
[EventDate "2022.11.05"]
[EventType "swiss (rapid)"]
[EventRounds "10"]
[EventCountry "ROU"]
[SourceTitle "EXT 2024"]
[Source "ChessBase"]
[SourceDate "2023.10.10"]
[SourceVersion "1"]
[SourceVersionDate "2023.10.10"]
[SourceQuality "1"]

1. c4 Nf6 2. Nc3 c6 3. e4 d5 4. exd5 cxd5 5. d4 Nc6 6. Nf3 Bg4 7. cxd5 Nxd5 8. Qb3 Bxf3 9. gxf3 e6 10. Qxb7 Nxd4 11. Bb5+ Nxb5 12. Qc6+ Ke7 13. Qxb5 Qd7 14. Nxd5+ Qxd5 15. Qxd5 exd5 16. Be3 Ke6 17. 0-0-0 Bb4 18. Kb1 Rhc8 19. Rd3 Rc7 20. Rhd1 Rd8 21. a3 Ba5 22. Rb3 a6 23. Rd4 Rc4 24. Rb7 Rxd4 25. Bxd4 Rd7 26. Rxd7 Kxd7 27. Bxg7 Bb6 28. Kc2 Bxf2 29. Kd3 Bg1 30. h3 Kc6 31. Bd4 Bh2 32. a4 Bd6 33. Bc3 Bc5 34. b4 Bf2 35. Bd2 Bg1 1-0

[Event "ROM-chT"]
[Site "Oradea"]
[Date "2022.09.28"]
[Round "8.3"]
[White "Jianu, Vlad Cristian"]
[Black "Istratescu, Andrei"]
[Result "1-0"]
[WhiteElo "2511"]
[BlackElo "2408"]
[PlyCount "41"]
[EventDate "2022.09.21"]
[EventType "team-tourn"]
[EventRounds "9"]
[EventCountry "ROU"]
[SourceTitle "EXT 2024"]
[Source "ChessBase"]
[SourceDate "2023.10.10"]
[SourceVersion "1"]
[SourceVersionDate "2023.10.10"]
[SourceQuality "1"]
[WhiteTeam "Superbet ASE"]
[BlackTeam "Baia Mare Municipiului"]
[WhiteTeamCountry "ROU"]
[BlackTeamCountry "ROU"]

1. d4 Nf6 2. Nf3 d5 3. g3 e6 4. Bg2 Be7 5. 0-0 0-0 6. c4 dxc4 7. Qc2 a6 8. a4 Bd7 9. Qxc4 Bc6 10. Bg5 a5 11. Nc3 Na6 12. Rfd1 Nb4 13. Rac1 h6 14. Bxf6 Bxf6 15. e4 Qb8 16. b3 Bd7 17. h4 g6 18. Qe2 Rd8 19. Qe3 Bg7 20. h5 gxh5 21. Ne2 1-0

[Event "ROM-chT"]
[Site "Oradea"]
[Date "2022.09.25"]
[Round "5.5"]
[White "Istratescu, Andrei"]
[Black "Mendonca, Leon Luke"]
[Result "0-1"]
[WhiteElo "2408"]
[BlackElo "2558"]
[PlyCount "134"]
[EventDate "2022.09.21"]
[EventType "team-tourn"]
[EventRounds "9"]
[EventCountry "ROU"]
[SourceTitle "EXT 2024"]
[Source "ChessBase"]
[SourceDate "2023.10.10"]
[SourceVersion "1"]
[SourceVersionDate "2023.10.10"]
[SourceQuality "1"]
[WhiteTeam "Baia Mare Municipiului"]
[BlackTeam "Arad Vados"]
[WhiteTeamCountry "ROU"]
[BlackTeamCountry "ROU"]

1. d4 Nf6 2. c4 e6 3. Nf3 d5 4. Nc3 a6 5. cxd5 exd5 6. Bg5 Be6 7. e3 Nbd7 8. Bd3 Bd6 9. Qc2 c6 10. Bf4 Qc7 11. Bxd6 Qxd6 12. 0-0 0-0 13. a3 Bg4 14. Nd2 Bh5 15. Rfe1 Bg6 16. h3 Rfe8 17. Rac1 a5 18. Na4 Re6 19. Qb3 b5 20. Nc5 Nxc5 21. Rxc5 Nd7 22. Rcc1 Nb6 23. Bxg6 hxg6 24. Qc2 Rae8 25. Qc5 Qb8 26. b3 a4 27. bxa4 Nxa4 28. Qb4 Qa7 29. Nb3 Ra8 30. Re2 Nb6 31. Nc5 Ree8 32. Ra2 Qe7 33. Qb3 Ra5 34. Nd3 Nc4 35. a4 Rea8 36. Rca1 Qa7 37. Nc5 Nb6 38. Qc2 bxa4 39. Ra3 Qc7 40. g3 Qc8 41. Kg2 Qc7 42. h4 Qe7 43. Qe2 Qf6 44. Qg4 Kh7 45. R1a2 Rb5 46. Qe2 Qf5 47. Ra1 Rba5 48. R1a2 Kh8 49. Ra1 Kg8 50. R1a2 g5 51. hxg5 Qxg5 52. Qc2 Qe7 53. Ra1 g6 54. Qe2 Qg5 55. Qc2 Qe7 56. Qe2 Kg7 57. Qg4 Rh8 58. Rh1 Rxh1 59. Kxh1 Rb5 60. Kg2 Rb2 61. Qf4 Nc4 62. Rxa4 Nxe3+ 63. Kg1 Ng4 64. Nd3 Rb1+ 65. Kg2 Qe2 66. Ra7 Qf1+ 67. Kf3 Qd1+ 0-1

[Event "ROM-chT"]
[Site "Oradea"]
[Date "2022.09.22"]
[Round "2.2"]
[White "Istratescu, Andrei"]
[Black "Bonte, Andrei Mihai"]
[Result "1/2-1/2"]
[WhiteElo "2408"]
[BlackElo "2339"]
[PlyCount "45"]
[EventDate "2022.09.21"]
[EventType "team-tourn"]
[EventRounds "9"]
[EventCountry "ROU"]
[SourceTitle "EXT 2024"]
[Source "ChessBase"]
[SourceDate "2023.10.10"]
[SourceVersion "1"]
[SourceVersionDate "2023.10.10"]
[SourceQuality "1"]
[WhiteTeam "Baia Mare Municipiului"]
[BlackTeam "Galati Smart"]
[WhiteTeamCountry "ROU"]
[BlackTeamCountry "ROU"]

1. e4 e6 2. d4 d5 3. Nc3 Bb4 4. e5 c5 5. a3 Bxc3+ 6. bxc3 Ne7 7. Qg4 Qc7 8. Qxg7 Rg8 9. Qxh7 cxd4 10. Ne2 dxc3 11. f4 Nbc6 12. Qd3 d4 13. Nxd4 Nxd4 14. Qxd4 Bd7 15. Rb1 Nf5 16. Qf2 Bc6 17. Rg1 0-0-0 18. Qxa7 Nd4 19. Bd3 Bxg2 20. Be3 Nf3+ 21. Kf2 Nxg1 22. Rxg1 Qc6 23. Qc5 1/2-1/2